Advanced engineering thermodynamics
Αποθηκεύτηκε σε:
| Κύριος συγγραφέας: | |
|---|---|
| Μορφή: | Βιβλίο |
| Γλώσσα: | English |
| Δημοσίευση: |
New York :
John Wiley,
1988
|
| Θέματα: | |
| Ετικέτες: |
Προσθήκη ετικέτας
Δεν υπάρχουν, Καταχωρήστε ετικέτα πρώτοι!
|
MARC
| LEADER | 00000nam a2200000 i 4500 | ||
|---|---|---|---|
| 001 | 1/5752 | ||
| 008 | 960613s1988 eng d | ||
| 020 | |a 0-471-61747-4 | ||
| 035 | |l 10016117 | ||
| 040 | |a GR-MY-UA |b gre |e aacr | ||
| 041 | 0 | |a eng | |
| 082 | 0 | |a 621.4021 | |
| 100 | 1 | |a Bejan, Adrian |d 1948- | |
| 245 | 1 | 0 | |a Advanced engineering thermodynamics / |c Adrian Bejan |
| 260 | |a New York : |b John Wiley, |c 1988 | ||
| 300 | |a 758 p. |b fig. | ||
| 504 | |a Includes bibliographical references and index. | ||
| 650 | 0 | 0 | |a Thermodynamics. |
| 852 | |a INST |b LESVOS |e 19960613 |h 621.4021 BEJ |p 005100005726 |q 005100005726 |t BK |y 0 | ||
| 909 | |a Λ |b 017335 | ||